000 00516nam a2200217Ia 4500
003 OSt
005 20220924134506.0
006 a|||||r|||| 00| 0
007 ta
008 220923b |||||||| |||| 00| 0 snd d
024 _a274195
037 _cTextual
040 _aARTS
_cARTS
_bsnd
041 _2snd
_asnd
082 _aR41, 1593K5;K7
100 _aBrahmchari
245 0 _aKalyan marg
260 _c1967
942 _hR41, 1593K5;K7
_cTEXL
_2CC
999 _c437444
_d437444